India cookbook (Record no. 395645)

MARC details
000 -LEADER
fixed length control field 00452 a2200193 4500
005 - DATE & TIME
control field 20260319102820.0
008 - FIXED-LENGTH DATA ELEMENTS--GENERAL INFORMATION
fixed length control field 260318b |||||||| |||| 00| 0 eng d
020 ## - ISBN
International Standard Book Number X
Price £ 39.95
040 ## - CATALOGING SOURCE
Original cataloging agency VIVEKANANDA LIBRARY
082 ## - DDC NUMBER
Classification number 641.5951
Book Number P196I
100 ## - MAIN ENTRY--PERSONAL NAME
Personal name Pant, Pushpesh
245 ## - TITLE STATEMENT
Title India cookbook
260 ## - PUBLICATION, DISTRIBUTION, ETC. (IMPRINT)
Name of publisher, distributor, etc Phaidon Press
Place of publication, distribution, etc London
Date of publication, distribution, etc 2016
300 ## - PHYSICAL DESCRIPTION
Pages 815
650 ## - Subject
Subject Hotel Management
650 ## - Subject
Subject Food
650 ## - Subject
Subject Cooking of India
942 ## - ADDED ENTRY ELEMENTS (KOHA)
Koha item type Books
Holdings
Withdrawn status Lost status Source of classification or shelving scheme Damaged status Not for loan Location (home branch) Sublocation or collection (holding branch) Shelving location Date acquired Koha issues (times borrowed) Koha full call number Accession No. Koha date last seen Koha item type
    Dewey Decimal Classification     VIVEKANANDA LIBRARY VIVEKANANDA LIBRARY IHTM Library 21/01/2026   641.5951 P196I 425205 21/01/2026 Books
© Designed and Maintained by Vivekananda Library, MDU Rohtak